000 00657nam a2200229Ia 4500
003 OSt
005 20220925221801.0
006 a|||||r|||| 00| 0
007 ta
008 220923b |||||||| |||| 00| 0 eng d
037 _cGeneral Book
040 _aRTL
_cRTL
_beng
041 _2eng
_aeng
082 _aW64.540j51.N7, L6
100 _aPoulantzas Nicos
_923601
245 0 _aCrisis of the dictatorships
_b Portugal Greece, Spai
260 _aLondon
_bNLB
_c1976
300 _a166p
_ccm.
650 _aAutho Ritarianism
_9231046
942 _hW64.540j51.N7, L6
_cGB
_2CC
999 _c575322
_d575322